| 000 | 00809nam a2200229 a 4500 | ||
|---|---|---|---|
| 001 | BRCA_7882 | ||
| 005 | 20190320210034.0 | ||
| 008 | 271213s2008----it-a######---#000-0#spa-# | ||
| 020 | _a9788882420031 | ||
| 041 | _aspaeng | ||
| 044 | _ait | ||
| 050 | 4 |
_aNK4240 _b.F67 2008 |
|
| 100 | 1 |
_aForconi, Alberto _919498 |
|
| 245 | 1 | 0 |
_aProblemas y defectos en la cerámica artística _bcausas y soluciones = Problems and defects in artistic ceramic : causes and remedies _cAlberto Forconi, Fabrizio Lucchesi. |
| 260 |
_aItalia _bAedo _c2008 |
||
| 300 |
_a285 p. _bil. a color _c27 cm. |
||
| 546 | _aTexto en : español e inglés | ||
| 650 | 1 | 4 |
_aCerámica _xTécnica _91113 |
| 700 | 1 |
_aLucchesi, Fabrizio _ecoaut. _919499 |
|
| 740 | 0 | _aProblems and defects in artistic ceramic : causes and remedies | |
| 942 |
_2lcc _cB |
||
| 999 |
_c7556 _d7556 |
||